000 00954cam a22002777a 4500
001 5390
003 BD-RjUL
005 20211208234047.0
008 131226s1966 nyu b 001 0 eng
035 _a(BD-RjUL)5426
040 _aDLC
_cYSM
_dYSM
_dSER
_dSLU
_dLVB
_dOCLCG
_dDLC
_dBD-RjUL
_beng
041 _aeng
082 _a342.42
_bROC 1966
100 1 _aRoberts-Wray, Kenneth,
_916934
245 1 0 _aCommonwealth and colonial law /
_cSir Kenneth Roberts-Wray.
260 _aNew York :
_bF.A. Praeger,
_cc1966.
300 _aliv, 1008 p. ;
_c25 cm.
504 _aIncludes bibliographical references and index.
650 0 _aLaw
_zCommonwealth countries.
_915060
650 0 _aLaw
_zGreat Britain
_xColonies.
_91999
651 0 _aGreat Britain
_xColonies.
_916935
856 _uhttp://www.worldcat.org/title/commonwealth-and-colonial-law/oclc/4196942&referer=brief_results
942 _2ddc
_cBK
999 _c5390
_d5390